000 00568 a2200121 4500
020 _a156670667X (alk. paper)
082 _a628.168 CHI
245 _aContaminated groundwater and sediment :
_bmodeling for management and remediation /
_cedited by Calvin C. Chien ... [et al.].
260 _aBoca Raton, Fla. : äb Lewis Publishers, äcc2004.
_c2004
300 _a274 p. : äb ill., maps ; äc 25 cm.
650 _aGroundwater
_xPollution
_xMathematical models.
650 _aContaminated sediments
_xMathematical models.
650 _aOrganochlorine compounds
_xEnvironmental aspects
_xMathematical models.
999 _c1688
_d1688